000 00900nam0a22002891 4500
001 rc\3364792
005 20130115153006.5
021 _aRU
_b[70-9786]
035 _a(NLR Aleph) 007527265
090 _a7744067
_c7744067
100 _a20130115d1969 |||y0rusy50 ca
101 0 _arus
102 _aRU
105 _aa z |||||
200 1 _aПрогулки с детьми в природу
205 _a2-е изд., доп.
210 _aМосква
_cПросвещение
_d1969
215 _a144 с.
_cил.
_d20
320 _aБиблиогр.: с. 143
606 _aВоспитание в семье
_2psbo
606 _aНатуралистическая работа с детьми
_2psbo
700 1 _aЛучич
_bМ. В.
_gМилица Валериановна
801 0 _aRU
_bNLR
_gpsbo
801 1 _aRU
_bELAR
_2rusmarc
852 _aNLR
_j69-3/11354
942 _cBOOK
980 _aNB